| 000 | 00658cam a22002294a 4500 | ||
|---|---|---|---|
| 001 | 12031125 | ||
| 003 | NUST-PNEC | ||
| 005 | 20170116181001.0 | ||
| 008 | 000605s2001 maua 001 0 eng | ||
| 010 | _a 00055039 | ||
| 020 | _a0072520361 | ||
| 040 |
_aDLC _cLIBRARY _dDLC |
||
| 082 | 0 | 0 | _a621.815 SHI |
| 100 | 1 | _aShigley, Joseph Edward. | |
| 245 | 1 | 0 |
_aMechanical engineering design _cJoseph Edward Shigley, Charles R. Mischke. |
| 250 | _a7th ed. | ||
| 260 |
_aBoston, Mass. : _bMcGraw Hill, _cc.2003 |
||
| 650 | 0 |
_aMachine design. _xME |
|
| 700 | 1 | _aMischke, Charles R. | |
| 906 |
_a7 _bcbc _corignew _d1 _eocip _f20 _gy-gencatlg |
||
| 942 |
_2ddc _cBK |
||
| 999 |
_c66703 _d66703 |
||